Eureka characters Quiz Stats

 Plays Quiz not verified by Sporcle

Score 0/30 Timer 05:00
0 Plays Today
Role Character % Correct
The town sheriffJack Carter
88.5%
Deputy, head of security at GDJosephina 'Jo' Lupo
85.7%
Sheriffs daughterZoe Carter
84.3%
Sheriffs houseS.A.R.A.H.
83.9%
Junior scientist at GD, director of GDDr. Douglas Fargo
83.4%
DoD agent, director of GD, head of medical science at GDDr. Allison Blake
82.9%
Jack-of-all-trades, mechanic, Town Mayor, scientist at GDDr. Henry Deacon
82.9%
Rebel, scientist at GD, boyfriend of the deputyZane Donovan
82.5%
Director of GD, scientist at GDDr. Nathan Stark
78.8%
Owner of Cafe DiemVincent
78.8%
Town psychiatrist, henchman of the ConsortiumDr. Beverly Barlowe
77.9%
DoD agents son, autistic savantKevin Blake
77.4%
Machine deputyDeputy Andy
75.1%
Head of Section 5, girlfriend of the sheriffDr. Tess Fontana
73.7%
Animal expertDr. Jim Taggart
71.4%
Role Character % Correct
Mechanics wife, scientist at GDDr. Grace Monroe
66.4%
Sheriffs sisterLexi Carter
64.1%
Sheriffs daughters boyfriendLucas
62.7%
Sheriffs daughters friendPilar
61.8%
Mechanics wife, scientist at GDDr. Kim Anderson
59%
Assistant to Albert Einstein, scientific historianDr. Trevor/Charles Grant
58.1%
Army generalGeneral Mansfield
56.7%
AssistantLarry Haberman
54.8%
Director of GD, corporate fixerEva Thorne/Mary Perkins
47.5%
Father of the town psychiatristAdam Barlowe
47.5%
Mechanics assistant, DJSpencer Martin
30.9%
Dry cleaner, sheriffs girlfriendCallie Curie
27.2%
TwinsBaker twins
16.6%
Scientist at GDWalter Perkins
14.7%
BiopharmacologistSeth Osbourne
13.8%

You're not logged in!

Compare scores with friends on all Sporcle quizzes.
OR
Log In

Show Comments

Extras

Top Quizzes Today


Score Distribution

Your Account Isn't Verified!

In order to create a playlist on Sporcle, you need to verify the email address you used during registration. Go to your Sporcle Settings to finish the process.

Report this User

Report this user for behavior that violates our Community Guidelines.

Details: